| 000 | 00000nam##2200000za#4500 |
| 001 | 9.607963 |
| 003 | CaOODSP |
| 005 | 20210624213404 |
| 007 | cr ||||||||||| |
| 008 | 150406|2005||||xxc|||||o f|0| 0 fre|d |
| 040 | |aCaOODSP|bfre |
| 043 | |an-cn--- |
| 086 | 1 |aSC102-2/2-2005F-MP3 |
| 110 | 2 |aÉcole de la fonction publique du Canada. |
| 245 | 10|aIdentifier des objets ou des documents. Fichier audio |h[ressource électronique] |
| 246 | 1 |iTitre additionnel (dans la publication) : |aAuto-évaluation - Activités orales : Objectif de formation 2 |
| 260 | |bÉcole de la fonction publique du Canada |
| 300 | |aDurée : 00:49:42 |
| 490 | 1 |aProgramme de français langue seconde - Niveaux A et B. Fichier audio |vObjectif de formation 2, 2005 |
| 500 | |aTitre de l'édition imprimée et du catalogueur. Fichiers audio qui accompagnent la version imprimée (SC102-2/2-2005F) et électronique (SC102-2/2-2005F-PDF) de ce titre. Comprend des activités de mise en train et de performance d'auto-évaluation orale. |
| 590 | |a15-01-Supp|b2015-01-26 |
| 590 | |a14-52-Supp|b2014-08-22 |
| 691 | 07|aFrançais langue seconde|2gcpds |
| 776 | 0#|tIdentifier des objets ou des documents |w(CaOODSP)9.626810 |
| 830 | #0|aProgramme de français langue seconde - Niveaux A et B. Fichier audio ;|vObjectif de formation 2, 2005|w(CaOODSP)9.504304 |
| 856 | 40|ahttp://publications.gc.ca|qMP3|s14,412 Ko|uhttps://publications.gc.ca/collections/collection_2014/efpc-csps/SC102-2-2-1m-2005-fra.mp3 |
| 856 | 40|ahttp://publications.gc.ca|qMP3|s7089 Ko|uhttps://publications.gc.ca/collections/collection_2014/efpc-csps/SC102-2-2-3m-2005-fra.mp3 |
| 856 | 40|ahttp://publications.gc.ca|qMP3|s5977 Ko|uhttps://publications.gc.ca/collections/collection_2014/efpc-csps/SC102-2-2-2005-32-fra.mp3 |
| 856 | 40|ahttp://publications.gc.ca|qMP3|s2594 Ko|uhttps://publications.gc.ca/collections/collection_2014/efpc-csps/SC102-2-2-2005-30-fra.mp3 |
| 856 | 40|ahttp://publications.gc.ca|qMP3|s6583 Ko|uhttps://publications.gc.ca/collections/collection_2014/efpc-csps/SC102-2-2-2005-31-fra.mp3 |
| 856 | 40|ahttp://publications.gc.ca|qMP3|s4134 Ko|uhttps://publications.gc.ca/collections/collection_2014/efpc-csps/SC102-2-2-2005-38-fra.mp3 |
| 856 | 40|ahttp://publications.gc.ca|qMP3|s5738 Ko|uhttps://publications.gc.ca/collections/collection_2014/efpc-csps/SC102-2-2-2005-35-fra.mp3 |
| 856 | 40|ahttp://publications.gc.ca|qMP3|s727 Ko|uhttps://publications.gc.ca/collections/collection_2014/efpc-csps/SC102-2-2-2005-23-fra.mp3 |
| 856 | 40|ahttp://publications.gc.ca|qMP3|s3493 Ko|uhttps://publications.gc.ca/collections/collection_2014/efpc-csps/SC102-2-2-2005-39-fra.mp3 |
| 856 | 40|ahttp://publications.gc.ca|qMP3|s4876 Ko|uhttps://publications.gc.ca/collections/collection_2014/efpc-csps/SC102-2-2-2005-27-fra.mp3 |
| 856 | 40|ahttp://publications.gc.ca|qMP3|s6400 Ko|uhttps://publications.gc.ca/collections/collection_2014/efpc-csps/SC102-2-2-2005-33-fra.mp3 |
| 856 | 40|ahttp://publications.gc.ca|qMP3|s781 Ko|uhttps://publications.gc.ca/collections/collection_2014/efpc-csps/SC102-2-2-2005-36-fra.mp3 |
| 856 | 40|ahttp://publications.gc.ca|qMP3|s1032 Ko|uhttps://publications.gc.ca/collections/collection_2014/efpc-csps/SC102-2-2-2005-34-fra.mp3 |
| 856 | 40|ahttp://publications.gc.ca|qMP3|s3493 Ko|uhttps://publications.gc.ca/collections/collection_2014/efpc-csps/SC102-2-2-2005-9-fra.mp3 |
| 856 | 40|ahttp://publications.gc.ca|qMP3|s4827 Ko|uhttps://publications.gc.ca/collections/collection_2014/efpc-csps/SC102-2-2-2005-37-fra.mp3 |
| 856 | 40|ahttp://publications.gc.ca|qMP3|s793 Ko|uhttps://publications.gc.ca/collections/collection_2014/efpc-csps/SC102-2-2-2005-22-fra.mp3 |
| 856 | 40|ahttp://publications.gc.ca|qMP3|s5026 Ko|uhttps://publications.gc.ca/collections/collection_2014/efpc-csps/SC102-2-2-1p-2005-fra.mp3 |
| 856 | 40|ahttp://publications.gc.ca|qMP3|s8065 Ko|uhttps://publications.gc.ca/collections/collection_2014/efpc-csps/SC102-2-2-2m-2005-fra.mp3 |
| 856 | 40|ahttp://publications.gc.ca|qMP3|s3017 Ko|uhttps://publications.gc.ca/collections/collection_2014/efpc-csps/SC102-2-2-2p-2005-fra.mp3 |
| 856 | 40|ahttp://publications.gc.ca|qMP3|s2579 Ko|uhttps://publications.gc.ca/collections/collection_2014/efpc-csps/SC102-2-2-3p-2005-fra.mp3|yObjectif de formation 2, 2005 |